A----------- Pattern Poetry / (Record no. 37312)
[ view plain ]
| 000 -LEADER | |
|---|---|
| fixed length control field | 00397nam a2200157Ia 4500 |
| 001 - CONTROL NUMBER | |
| control field | 37331 |
| 005 - DATE AND TIME OF LATEST TRANSACTION | |
| control field | 20240114001929.0 |
| 007 - PHYSICAL DESCRIPTION FIXED FIELD--GENERAL INFORMATION | |
| fixed length control field | ta |
| 008 - FIXED-LENGTH DATA ELEMENTS--GENERAL INFORMATION | |
| fixed length control field | 070607s g b000 u u |
| 082 ## - DEWEY DECIMAL CLASSIFICATION NUMBER | |
| Classification number | 291.218 |
| Item number | B 632 Ar |
| 100 ## - MAIN ENTRY--PERSONAL NAME | |
| Personal name | Bodkins, Mand . |
| 245 #0 - TITLE STATEMENT | |
| Title | A----------- Pattern Poetry / |
| Statement of responsibility, etc. | Mand Bodkins. |
| Medium | Textual Documents |
| 653 ## - INDEX TERM--UNCONTROLLED | |
| Uncontrolled term | English Literature |
| 942 ## - ADDED ENTRY ELEMENTS (KOHA) | |
| Source of classification or shelving scheme | Dewey Decimal Classification |
| Koha item type | Books |
| Withdrawn status | Lost status | Damaged status | Not for loan | Home library | Current library | Date acquired | Coded location qualifier | Total checkouts | Full call number | Barcode | Date last seen | Copy number | Price effective from | Koha item type |
|---|---|---|---|---|---|---|---|---|---|---|---|---|---|---|
| Dr. Suryya Kumar Bhuyan Library | Dr. Suryya Kumar Bhuyan Library | 01/02/2012 | 00000 | 291.218 B 632 Ar | 26359 | 14/01/2024 | 1 | 01/02/2012 | Books |
